000 00331nam a2200109Ia 4500
008 221009s9999 xx 000 0 und d
082 _a900
100 _aGuider
_979384
245 0 _aइतिहास अध्‍यायवार एवं वस्‍तुनिष्‍ठ
260 _bGuider Competitive Group
942 _cBK
999 _c65265
_d65265